Financial Forecasting and Planning <A> Guide for Accounting, Marketing, and Planning Managers
Enregistré dans:
| Auteur principal: | |
|---|---|
| Autres auteurs: | , |
| Format: | Livre |
| Langue: | anglais |
| Publié: |
New York
Quorum Books
1988
|
| Édition: | 1. ed. |
| Sujets: | |
| Tags: |
Pas de tags, Soyez le premier à ajouter un tag!
|
MARC
| LEADER | 00000nam a2200000 4500 | ||
|---|---|---|---|
| 001 | c019342 | ||
| 005 | 20221206134221.8 | ||
| 020 | |a 0-89930-265-3 | ||
| 041 | 0 | |a eng | |
| 044 | |a US | ||
| 245 | 1 | 0 | |a Financial Forecasting and Planning |b <A> Guide for Accounting, Marketing, and Planning Managers |c Sharon Hatten Garrison, Wallace N. Davidson, Michael A. Garrison |
| 250 | |a 1. ed. | ||
| 264 | 1 | |a New York |b Quorum Books |c 1988 | |
| 300 | |a 160 s. | ||
| 610 | 2 | 0 | |a financie |
| 610 | 2 | 0 | |a financie podnikové |
| 610 | 2 | 0 | |a manažment finančný |
| 610 | 2 | 0 | |a prognózovanie |
| 610 | 2 | 0 | |a prognózy podnikové |
| 610 | 2 | 0 | |a plánovanie finančné |
| 610 | 2 | 0 | |a plán finančný |
| 610 | 2 | 0 | |a účtovníctvo |
| 610 | 2 | 0 | |a marketing |
| 610 | 2 | 0 | |a modely plánovania |
| 610 | 2 | 0 | |a modely prognostické |
| 100 | 1 | |a Garrison, Sharon Hatten | |
| 700 | 1 | |a Davidson, Wallace N. | |
| 700 | 1 | |a Garrison, Michael A. | |